Detalles MARC
| 000 -CABECERA |
| Longitud fija campo de control |
01827 a2200517 4500 |
| 001 - NÚMERO DE CONTROL |
| Número de control |
52632 |
| 003 - IDENTIFICADOR DE NÚMERO DE CONTROL |
| Identificador del número de control |
ES-MaCES |
| 005 - FECHA Y HORA DE LA ÚLTIMA TRANSACCIÓN |
| Fecha y hora de la última transacción |
20260113103110.0 |
| 008 - CAMPO FIJO DE DESCRIPCIÓN FIJA--INFORMACIÓN GENERAL |
| Códigos de información de longitud fija |
230119s2015 sp ||||| |||| ||||||spa|d |
| 017 ## - NÚMERO DE REGISTRO DE DERECHOS DE AUTOR Y DEPÓSITO LEGAL |
| Número de copyright o de depósito legal |
M 35367-2015 |
| Agencia que asigna el número |
DL |
| 020 ## - ISBN (INTERNATIONAL STANDARD BOOK NUMBER) |
| Número Internacional Normalizado para Libros (ISBN) |
9788437507354 |
| 040 ## - FUENTE DE CATALOGACIÓN |
| Centro catalogador de origen |
ES-MaCES |
| Lengua de catalogación |
spa |
| Centro transcriptor |
ES-MaCES |
| 041 1# - CÓDIGO DE IDIOMA |
| Código de lengua del texto;banda sonora o título independiente |
spa |
| Código de lengua original |
eng |
| 100 1# - ENCABEZAMIENTO PRINCIPAL--NOMBRE PERSONAL |
| 9 (RLIN) |
10437 |
| Nombre de persona |
Deaton, Angus |
| 245 13 - MENCIÓN DE TÍTULO |
| Título |
El gran escape |
| Resto del título |
: salud, riqueza y los orígenes de de la desigualdad |
| Mención de responsabilidad, etc. |
Angus Deaton ; tr., Ignacio Perrotini |
| 250 ## - MENCIÓN DE EDICIÓN |
| Mención de edición |
1ª ed. en sp |
| 260 ## - PUBLICACIÓN, DISTRIBUCIÓN, ETC (PIE DE IMPRENTA) |
| Lugar de publicación, distribución, etc. |
Madrid |
| Nombre del editor, distribuidor, etc. |
FCE, Fondo de cultura económica de España |
| Fecha de publicación, distribución, etc. |
2015 |
| 300 ## - DESCRIPCIÓN FÍSICA |
| Extensión |
403 p. |
| Dimensiones |
21 cm |
| 490 1# - MENCIÓN DE SERIE |
| Mención de serie |
Economía |
| 500 ## - NOTA GENERAL |
| Nota general |
Traducción de: The great escape, health, wealth and the originins of inequality |
| 500 ## - NOTA GENERAL |
| Nota general |
En la cub.: Premio Nobel de Economía 2015 |
| 504 ## - NOTA DE BIBLIOGRAFÍA, ETC. |
| Nota de bibliografía, etc. |
Bibliografía: p. 365-387 |
| 541 ## - NOTA DE LA FUENTE INMEDIANTE DE ADQUISICIÓN |
| Forma de adquisición |
Compra |
| 650 #4 - ASIENTO SECUNDARIO DE MATERIA--TÉRMINO DE MATERIA |
| 9 (RLIN) |
28680 |
| Término de materia o nombre geográfico como elemento inicial |
salud |
| 650 #4 - ASIENTO SECUNDARIO DE MATERIA--TÉRMINO DE MATERIA |
| 9 (RLIN) |
29809 |
| Término de materia o nombre geográfico como elemento inicial |
esperanza de vida |
| 650 #4 - ASIENTO SECUNDARIO DE MATERIA--TÉRMINO DE MATERIA |
| 9 (RLIN) |
29375 |
| Término de materia o nombre geográfico como elemento inicial |
riqueza |
| 650 #4 - ASIENTO SECUNDARIO DE MATERIA--TÉRMINO DE MATERIA |
| 9 (RLIN) |
27109 |
| Término de materia o nombre geográfico como elemento inicial |
distribución del ingreso |
| 650 #4 - ASIENTO SECUNDARIO DE MATERIA--TÉRMINO DE MATERIA |
| 9 (RLIN) |
29371 |
| Término de materia o nombre geográfico como elemento inicial |
desigualdad económica |
| 650 #4 - ASIENTO SECUNDARIO DE MATERIA--TÉRMINO DE MATERIA |
| 9 (RLIN) |
30789 |
| Término de materia o nombre geográfico como elemento inicial |
desigualdad social |
| 650 #4 - ASIENTO SECUNDARIO DE MATERIA--TÉRMINO DE MATERIA |
| 9 (RLIN) |
29372 |
| Término de materia o nombre geográfico como elemento inicial |
desigualdad regional |
| 650 #4 - ASIENTO SECUNDARIO DE MATERIA--TÉRMINO DE MATERIA |
| 9 (RLIN) |
27091 |
| Término de materia o nombre geográfico como elemento inicial |
país desarrollado |
| 650 #4 - ASIENTO SECUNDARIO DE MATERIA--TÉRMINO DE MATERIA |
| 9 (RLIN) |
27092 |
| Término de materia o nombre geográfico como elemento inicial |
país en desarrollo |
| 650 #4 - ASIENTO SECUNDARIO DE MATERIA--TÉRMINO DE MATERIA |
| 9 (RLIN) |
26634 |
| Término de materia o nombre geográfico como elemento inicial |
ayuda al desarrollo |
| 650 #4 - ASIENTO SECUNDARIO DE MATERIA--TÉRMINO DE MATERIA |
| 9 (RLIN) |
27014 |
| Término de materia o nombre geográfico como elemento inicial |
política de desarrollo |
| 650 #4 - ASIENTO SECUNDARIO DE MATERIA--TÉRMINO DE MATERIA |
| 9 (RLIN) |
30653 |
| Término de materia o nombre geográfico como elemento inicial |
globalización económica |
| 650 #4 - ASIENTO SECUNDARIO DE MATERIA--TÉRMINO DE MATERIA |
| 9 (RLIN) |
29849 |
| Término de materia o nombre geográfico como elemento inicial |
economía del bienestar |
| 650 #4 - ASIENTO SECUNDARIO DE MATERIA--TÉRMINO DE MATERIA |
| 9 (RLIN) |
27076 |
| Término de materia o nombre geográfico como elemento inicial |
teoría económica |
| 650 #4 - ASIENTO SECUNDARIO DE MATERIA--TÉRMINO DE MATERIA |
| 9 (RLIN) |
27251 |
| Término de materia o nombre geográfico como elemento inicial |
historia |
| 653 ## - TÉRMINO DE INDEXACIÓN--NO CONTROLADO |
| Término no controlado |
Condiciones económicas |
| 700 1# - ENCABEZAMIENTO SECUNDARIO--NOMBRE PERSONAL |
| 9 (RLIN) |
37546 |
| Nombre de persona |
Perrotini Hernández, Ignacio |
| Término indicativo de función |
tr. |
| 710 2# - ENCABEZAMIENTO SECUNDARIO--NOMBRE CORPORATIVO |
| Nombre de entidad o nombre de jurisdicción como elemento inicial |
Fondo de Cultura Económica |
| Término indicativo de función |
ed. |
| 9 (RLIN) |
3614 |
| 740 42 - ENCABEZAMIENTO SECUNDARIO--TÍTULO ANALÍTICO/RELACIONADO NO CONTROLADO |
| Título relacionado o analítico no controlado |
The great escape, health, wealth and the originins of inequality |
| 830 #0 - ENCABEZAMIENTO SECUNDARIO DE COLECCIÓN--TÍTULO UNIFORME |
| Título uniforme |
Sección de obras de Economía |
| 9 (RLIN) |
34059 |
| 902 ## - CES. TIPO DE DOCUMENTO |
| Tipodoc (006$c Sirtex) |
LIB Libro |
| 942 ## - ELEMENTOS KOHA |
| Fuente de clasificaión o esquema |
Clasificación propia del CES |
| Koha [por defecto] tipo de item |
Monografías |
| Parte de clasificación |
Economía |